01280nam a22002177a 450000500170000000800410001704000290005804100080008708200160009510000560011124501530016725000300032026000800035030000370043049000240046750002980049150502020078950600220099165000250101365000240103820160208083403.0160205s1915 xxu||||fr|||| 00| 0 spa d cSandra YazodSandra Yazo0 aspa04220a372.4141 aCortina, R. Diez de la d1859-q(Rafael Diez de la)10aAprendiendo a leer. Manual del maestrobLos lectores Aldine, método original de Frank E. Spaulding y Catherine T. Brycecpor R. Diez de la Cortina aNueva edición aumentada aNew York (Estados Unidos)bNewson and Company [Newson y compañía]c1915 aviii, 166 páginasc20 x 15 cm. 4aLos lectores Aldine aDetalles físicos: Encuadernación rígida en cartón forrado en tela. Tapas y lomo con datos de publicación impresos. Guardas, la delantera con nota de donación. Anteportada. Portada impresa en una sola tinta. Texto impreso en una sola tinta. Ejemplar en buen estado de conservación1 aExplicación del método ; Cartas, libros y tarjetas: La carta, el libro fundamenta, lector segundo y lector tercero ; Tarjetas ; Trabajo de pupitre ; Deletreo ; Lectura y escritura simultáneas aCon sulta en sala 7aLecturaxEnseñanza 7aLecturavMétodos